Comentarios del desengañado, ó sea (Record no. 153977)
[ view plain ]
| 000 -LEADER | |
|---|---|
| campo de control de longitud fija | 00916nam a2200217 i 4500 |
| 001 - NÚMERO DE CONTROL | |
| campo de control | 153977 |
| 003 - IDENTIFICADOR DE NÚMERO DE CONTROL | |
| campo de control | ES-MaACL |
| 005 - FECHA Y HORA DE LA ÚLTIMA TRANSACCIÓN | |
| campo de control | 20251217063020.0 |
| 008 - DATOS DE LONGITUD FIJA--INFORMACIÓN GENERAL | |
| campo de control de longitud fija | 020508s1860 sp |||| | spa d |
| 040 ## - FUENTE DE CATALOGACIÓN | |
| Centro catalogador/agencia de origen | EXT |
| Lengua de catalogación | spa |
| Centro/agencia transcriptor | EXT |
| 100 1# - ENTRADA PRINCIPAL--NOMBRE DE PERSONA | |
| Nombre de persona | Estrada, Diego, |
| Títulos y otros términos asociados al nombre | Duque de |
| 9 (RLIN) | 126977 |
| 245 10 - MENCIÓN DEL TÍTULO | |
| Título | Comentarios del desengañado, ó sea |
| Resto del título | : vida de D. Diego Duque de Estrada / |
| Mención de responsabilidad, etc. | escrita por él mismo ; colección de documentos, opusculos ... que publica la Real Academia de la Historia. |
| 260 ## - PUBLICACIÓN, DISTRIBUCIÓN, ETC. | |
| Lugar de publicación, distribución, etc. | Madrid : |
| Nombre del editor, distribuidor, etc. | Real Academia de la Historia, |
| Fecha de publicación, distribución, etc. | 1860 ( |
| Fabricante | Imprenta Nacional) |
| 300 ## - DESCRIPCIÓN FÍSICA | |
| Extensión | XVIII, 532 p. ; |
| Dimensiones | 23 cm. |
| 490 1# - MENCIÓN DE SERIE | |
| Mención de serie | Memorial histórico español ; |
| Designación de volumen o secuencia | 12 |
| 594 ## - Nota al título y mención de responsabilidad | |
| Nota al título y mención de responsabilidad | Título y autor tomado de la portadilla. |
| 600 17 - PUNTO DE ACCESO ADICIONAL DE MATERIA--NOMBRE DE PERSONA | |
| Nombre de persona | Estrada, Diego, |
| Títulos y otros términos asociados al nombre | Duque de- |
| Subdivisión de forma | Biografías |
| Fuente del encabezamiento o término | |
| 9 (RLIN) | 126978 |
| 830 00 - PUNTO DE ACCESO ADICIONAL DE SERIE-TÍTULO UNIFORME | |
| Título uniforme | Memorial histórico español |
| Designación de volumen o secuencia | 12 |
| 9 (RLIN) | 187759 |
| 852 ## - LOCALIZACIÓN | |
| Ubicación | ES-MaACL |
| Número de control de estantería | C-19317 |
| Nota libre | -- Enc. hol. |
| Estatus retirado | Estado de pérdida | Estado de daño | No para préstamo | Colección | Biblioteca de origen | Biblioteca actual | Ubicación en estantería | Fecha de adquisición | Fuente de adquisición | Total de préstamos | Signatura topográfica completa | Código de barras | Visto por última vez | Precio de reemplazo | Tipo de ítem Koha |
|---|---|---|---|---|---|---|---|---|---|---|---|---|---|---|---|
| Libros del s. XIX | Biblioteca del Ateneo de Madrid | Biblioteca del Ateneo de Madrid | Galería | 17/01/2008 | C-19317 | 1160990 | 23/02/2023 | 23/02/2023 | Libro impreso antiguo |
